Géométrie de 4ème

Guardat en:
Dades bibliogràfiques
Autors principals: Gaud, Dominique (Autor), Guichard, J. P (Autor), Marot, M (Autor), Robin, C (Autor), Robin, M (Autor)
Format: Llibre
Idioma:francès
Publicat: Poitiers IREM 1988
Matèries:
Etiquetes: Afegir etiqueta
Sense etiquetes, Sigues el primer a etiquetar aquest registre!

MARC

LEADER 00000nam a2200000 a 4500
001 UCW1769
003 CL-VaPUC
005 20231108161156.0
008 930719e19880000FR |||||||||||||||||fre|d
999 |c 216595  |d 216593 
040 |c Pontificia Universidad Católica de Valparaíso 
082 0 4 |a 516.0071  |b GAU  |2 21 
100 |a Gaud, Dominique  |e author  |9 478735 
245 1 0 |a Géométrie de 4ème 
260 |a Poitiers  |b IREM  |c 1988 
300 |a 156 p 
583 |a last modification  |c 20140821 04:35:56  |k Rodrigo Vera 
650 0 |a Geometría   |9 264063 
650 0 |a Educación media  |9 499610 
650 0 |a Matemática  |9 260235 
700 0 |a Guichard, J. P  |e author  |9 305827 
700 0 |a Marot, M  |e author  |9 305828 
700 0 |a Robin, C  |e author  |9 305829 
700 0 |a Robin, M  |e author  |9 305830 
942 |c BK  |2 ddc 
945 |d 19930719 00:00:00  |a mfernand 
952 |0 0  |1 0  |4 0  |6 516_007100000000000_GAU_1988  |7 0  |8 A  |9 202448  |a BIBMAT  |b BIBMAT  |d 2019-11-14  |i 2695448  |o 516.0071 GAU 1988  |p 2695448  |r 2025-01-07  |w 2019-11-14  |y BK  |k MAT 
952 |0 0  |1 0  |4 0  |6 516_007100000000000_GAU_1988  |7 0  |8 A  |9 202449  |a BIBMAT  |b BIBMAT  |d 2019-11-14  |i 2963132  |o 516.0071 GAU 1988  |p 2963132  |r 2025-01-07  |w 2019-11-14  |y BK  |k MAT